Wireless digital communications: Modulation and spread spectrum applications (Record no. 210407)

MARC details
000 -LEADER
fixed length control field 00559nam a2200181Ia 4500
008 - FIXED-LENGTH DATA ELEMENTS--GENERAL INFORMATION
fixed length control field 231221s9999 xx 000 0 und d
020 ## - INTERNATIONAL STANDARD BOOK NUMBER
International Standard Book Number 9790000000000
041 ## - LANGUAGE CODE
Language code of text/sound track or separate title English
082 ## - DEWEY DECIMAL CLASSIFICATION NUMBER
Classification number 621.3811 FEH;29
100 ## - MAIN ENTRY--PERSONAL NAME
Personal name Feher, Kamilo.
245 #0 - TITLE STATEMENT
Title Wireless digital communications: Modulation and spread spectrum applications
260 ## - PUBLICATION, DISTRIBUTION, ETC.
Date of publication, distribution, etc. 1995
Name of publisher, distributor, etc. Prentice Hall of India
Place of publication, distribution, etc. New Delhi
300 ## - PHYSICAL DESCRIPTION
Extent xx, 524
300 ## - PHYSICAL DESCRIPTION
Dimensions 57128
510 ## - CITATION/REFERENCES NOTE
Name of source Content Pages available.
650 ## - SUBJECT ADDED ENTRY--TOPICAL TERM
Topical term or geographic name entry element Wireless,digital,communications:,Modulation,spread,spectrum
942 ## - ADDED ENTRY ELEMENTS (KOHA)
Koha item type Floppies
Holdings
Date last seen Total checkouts Full call number Accession number Uniform resource identifier Price effective from Category Lost status Damaged status Department Withdrawn status Home library Current library Shelving location Entry date Vendor Grants Billnumber Billdate Currency symbol Conversion rate Discount Old discount
26/01/2024   621.3811 FEH;29 FP618 digital/contents/50242.pdf 26/01/2024 Floppies     Information Science   Central Library Central Library Information Science   Book Paradise IS 57252 31/07/2013 RS 1    

© For any Suggestions or Query, please contact the library staff @ librarian@pes.edu or Phone: +9180 2672 1983/ 2108.